000 00636nam a2200193 a 4500
001 000037435
005 20200930080353.0
008 120418s2005 sp 000 0 spa d
020 _a8400083148
040 _aDO-SdBNP
_bspa
_cBNPHU
082 _axxxxx
_bxxxxx
100 1 _aBarrera Parrilla, Beatriz
_963879
245 1 4 _aLas lecturas del poeta /
_cBeatriz Barrera Parrilla ; prólogo Evodio Escalante.
260 _aSevilla, :
_bMinisterio de educación y ciencia
_bCSIC,
_c2005.
300 _a159 p. ;
_c21 cm.
490 1 _aDifusión y estudio
700 1 _aEscalante, Evorio,
_epról.
_963880
830 0 _aDifusión y estudio
_915205
999 _c36925
_d36925